İşletmelerde risk yönetimi : (Record no. 13211)

MARC details
000 -BAŞLIK
Sabit Uzunlukta Kontrol Alanı 01423nam a22003497a 4500
999 ## - SİSTEM KONTROL NUMARALARI (KOHA)
Koha Biblionumber 13211
Koha Biblioitemnumber 13211
003 - KONTROL NUMARASI IDENTIFIER
Denetim Alanı TR-AnCHP
005 - SON İŞLEM TARİHİ VE ZAMANI
Denetim Alanı 20190506105317.0
008 - SABİT-BOY VERİ ELEMANLARI - GENEL BİLGİLER
Sabit Uzunlukta Kontrol Alanı 190506b tu ||||| |||| 00| 0 tur d
020 ## - ULUSLARARASI STANDART KİTAP NUMARASI
Uluslararası Standart Kitap Numarası 9786053994923
040 ## - KATALOGLAMA KAYNAK
Orijinal Kataloglama Ajansı TR-AnCHP
Metne Dönüştürmek Ajansı TR-AnCHP
041 ## - DİL KODU
Metin / Ses Parça Veya Ayrı Başlığın Dil Kodu tur
082 ## - DEWEY ONLU SINIFLANDIRMA NUMARASI
Sınıflandırma Numarası 658.151
Ürün Numarası i74 2018
245 ## - BAŞLIK TABLOSU
Başlık İşletmelerde risk yönetimi :
Başlığın Kalan Türkiye, Almanya ve Avusturya karşılaştırması /
Sorumluluk Tablosu, Vb Derleyenler: Stephan Schöning, E. Handan Sümer Göğüş, Helmut Pernsteiner; Çevirenler: Ekin Karapınar, Gül Yüksel, Nilgün Karataş Gümüştaş , Onur Erişen.
260 ## - YAYIN, DAĞITIM, VB
Yayın, Dağıtım, Vb Yeri İstanbul :
Yayıncı, Dağıtıcı, Vs Adı İstanbul Bilgi Üniversitesi Yayınları,
Yayın, Dağıtım, Vb Tarihi 2018.
300 ## - FİZİKSEL TANIM
Kapsam 322 s. :
Diğer Fiziksel Ayrıntıları şkl., tbl. ;
Boyutlar 24 sm.
490 ## - SERİSİ TABLOSU
Seri Beyanı İstanbul Bilgi Üniversitesi Yayınları ;
-- Finans ;
Hacim / Ardışık Tanımı 602.
-- 3.
504 ## - KAYNAKÇA VB NOT
Kaynakça Vb Notu Kaynakça bölüm sonlarındadır.
504 ## - KAYNAKÇA VB NOT
Kaynakça Vb Notu Dizin vardır.
650 ## - KONU KATMA GİRİŞ - TOPİKAL DÖNEM
Topikal Süreli Veya Coğrafi Ad Giriş Elemanı Risk yönetimi
Genel Alt Bölümü Türkiye
650 #4 - KONU KATMA GİRİŞ - TOPİKAL DÖNEM
Topikal Süreli Veya Coğrafi Ad Giriş Elemanı Risk yönetimi
Coğrafi Alt Bölümü Almanya
650 #4 - KONU KATMA GİRİŞ - TOPİKAL DÖNEM
Topikal Süreli Veya Coğrafi Ad Giriş Elemanı Risk Yönetimi
Coğrafi Alt Bölümü Avusturya
650 #0 - KONU KATMA GİRİŞ - TOPİKAL DÖNEM
Topikal Süreli Veya Coğrafi Ad Giriş Elemanı Finansal risk yönetimi
9 (RLIN) 5695
700 1# - KATMA GİRİŞ - KİŞİSEL İSİM
Kişisel Ad Karapınar, Ekin
Relator Terim çev.
700 ## - KATMA GİRİŞ - KİŞİSEL İSİM
Kişisel Ad Yüksel, Gül
9 (RLIN) 5696
Relator Terim çev.
700 1# - KATMA GİRİŞ - KİŞİSEL İSİM
Kişisel Ad Karataş Gümüştaş, Nilgün
Relator Terim çev.
700 ## - KATMA GİRİŞ - KİŞİSEL İSİM
Kişisel Ad Erişen, Onur
9 (RLIN) 5697
Relator Terim çev.
700 1# - KATMA GİRİŞ - KİŞİSEL İSİM
Kişisel Ad Pernsteiner, Helmut
Relator Terim der.
700 1# - KATMA GİRİŞ - KİŞİSEL İSİM
Kişisel Ad Schöning, Stephan
Relator Terim der.
700 ## - KATMA GİRİŞ - KİŞİSEL İSİM
Kişisel Ad Göğüş, E. Handan Sümer
9 (RLIN) 5698
Relator Terim der.
740 ## - KATMA GİRİŞ - KONTROLSUZ İLGİLİ / ANALİTİK BAŞLIK
Kontrol Edilmeyen / İlgili Analitik Başlıktaki Türkiye, Almanya ve Avusturya karşılaştırması
942 ## - EKLENDİ GİRİŞ ELEMANLARI (KOHA)
Sınıflandırma Veya Raf Düzeni Kaynak Dewey Decimal Classification
Koha Öğesi Türü Books
Holdings
Kalıcı Konum Mevcut Konum Edinme Tarihi Toplam Check-Out'Lar Tam Çağrı Numarası Barkod Kontrol Edildi Tarih Son Görülme Tarihi Geçen Teslim İtibaren Geçerli Fiyatlar Koha Öğesi Türü
CHP Kütüphanesi CHP Kütüphanesi 05/06/2019 1 658.151 i74 2018 010850 04/11/2024 03/22/2024 03/22/2024 05/06/2019 Books